Enterprise Sales & Operations Planning / (Record no. 1034)

MARC details
000 -LEADER
Fixed length control field 00492nam a2200169 4500
003 - CONTROL NUMBER IDENTIFIER
Control field SEACOMMC
005 - DATE AND TIME OF LATEST TRANSACTION
Control field 20250501134416.0
008 - FIXED-LENGTH DATA ELEMENTS--GENERAL INFORMATION
Fixed length control field 250128b |||||||| |||| 00| 0 eng d
020 ## - INTERNATIONAL STANDARD BOOK NUMBER / ISBN
International Standard Book Number 978-19-32159-00-4
Price Rs.325.00
040 ## - CATALOGING SOURCE
Original cataloging agency SEACOMMC
082 ## - DEWEY DECIMAL CLASSIFICATION NUMBER
Classification number 658.5
Book Number P 171
100 ## - MAIN ENTRY--PERSONAL NAME
Personal name Palmatier, George E
245 1# - TITLE STATEMENT
Title Enterprise Sales & Operations Planning /
Statement of responsibility George E. Palmatier, Colleen Crum.
260 ## - IMPRINT
Place of publication Mumbai
Name of publisher Shroff Publishers
Date of publication 2007
650 ## - SUBJECT ADDED ENTRY--TOPICAL TERM
Topical term Sales Management
942 ## - ADDED ENTRY ELEMENTS (KOHA)
Koha item type Books
Holdings
Withdrawn status Lost status Source of classification Damaged status Not for loan Home library Current library Shelving location Date acquired Total Checkouts Call number Accession number Date last seen Price effective from Koha item type Copy number
    Dewey Decimal Classification     SEACOM MANAGEMENT COLLEGE SEACOM MANAGEMENT COLLEGE Reference 17/01/2008   658.5 P 171 M-1746 28/01/2025 28/01/2025 Books  
    Dewey Decimal Classification     SEACOM MANAGEMENT COLLEGE SEACOM MANAGEMENT COLLEGE   17/01/2008   658.5 P 171 M-1747 28/01/2025 28/01/2025 Books 1
    Dewey Decimal Classification     SEACOM MANAGEMENT COLLEGE SEACOM MANAGEMENT COLLEGE   17/01/2008   658.5 P 171 M-1748 28/01/2025 28/01/2025 Books 2
© Seacom Engineering College, All rights reserved.    Powered by Koha